Načítá se...

Sugam bhaasha vijnaan

Podrobná bibliografie
Hlavní autor: Singh, Trilokinath
Médium: Printed Book
Vydáno: Lucknow, Kalpakar Prakasan 1979
Témata:
LEADER 004740000a22001690004500
022 |a 25-07-2004 
041 |a Hindi 
082 |a 491.43 L9 
100 |a Singh, Trilokinath 
245 |a Sugam bhaasha vijnaan 
260 |a Lucknow, Kalpakar Prakasan 
260 |c 1979 
650 |a Hindi language 
650 |a Study 
942 |c BK 
999 |c 145541  |d 145537 
952 |0 0  |1 0  |4 0  |6 491_430000000000000_L9  |7 0  |9 144314  |a SCC  |b SCC  |d 2017-10-11  |l 0  |o 491.43 L9  |p SCC03938  |r 2017-10-11  |w 2017-10-11  |y BK